[Event "Madrid-ch Previa A"]
[Site "Madrid"]
[Date "2023.02.22"]
[Round "9.1"]
[White "Vazquez Gonzalez, Jesus"]
[Black "Garcia Fernandez, Jesus"]
[Result "1-0"]
[WhiteElo "1876"]
[BlackElo "1910"]
[PlyCount "89"]
[EventDate "2023.02.06"]
[EventType "swiss"]
[EventRounds "9"]
[EventCountry "ESP"]
[SourceTitle "EXT 2024"]
[Source "ChessBase"]
[SourceDate "2023.10.10"]
[SourceVersion "1"]
[SourceVersionDate "2023.10.10"]
[SourceQuality "1"]

1. e4 c6 2. d4 d5 3. exd5 cxd5 4. Bd3 Nc6 5. c3 Nf6 6. Bf4 Bg4 7. Qb3 Qc8 8. Nd2 e6 9. Ngf3 Be7 10. 0-0 Bh5 11. Rfe1 Bg6 12. Bf1 0-0 13. h3 h6 14. g4 Ne4 15. Bg2 Nxd2 16. Nxd2 Qd7 17. Re3 Bd6 18. Bxd6 Qxd6 19. Rae1 b5 20. Qd1 b4 21. Qe2 Rfe8 22. Nf3 bxc3 23. bxc3 Be4 24. Nh4 Bxg2 25. Nxg2 Na5 26. g5 hxg5 27. Qg4 Nc4 28. R3e2 Qe7 29. f4 Nd6 30. fxg5 g6 31. h4 Ne4 32. c4 Qb4 33. Ne3 Nc3 34. Rh2 Kg7 35. Qf4 Ne4 36. Rf1 Re7 37. Qe5+ Kg8 38. h5 Qb8 39. Nxd5 exd5 40. Qxe7 Qg3+ 41. Kh1 Nxg5 42. hxg6 fxg6 43. Rf6 Nh3 44. Qe6+ Kg7 45. Rf7+ 1-0

[Event "Madrid-ch Previa A"]
[Site "Madrid"]
[Date "2023.02.15"]
[Round "6.2"]
[White "Vazquez Gonzalez, Jesus"]
[Black "Ruiz Bellon, Manuel"]
[Result "0-1"]
[WhiteElo "1876"]
[BlackElo "1950"]
[PlyCount "72"]
[EventDate "2023.02.06"]
[EventType "swiss"]
[EventRounds "9"]
[EventCountry "ESP"]
[SourceTitle "EXT 2024"]
[Source "ChessBase"]
[SourceDate "2023.10.10"]
[SourceVersion "1"]
[SourceVersionDate "2023.10.10"]
[SourceQuality "1"]

1. e4 c5 2. c3 d5 3. exd5 Qxd5 4. Nf3 Bg4 5. Be2 Nc6 6. d4 cxd4 7. cxd4 e6 8. Nc3 Bb4 9. 0-0 Qa5 10. Be3 Nf6 11. Qb3 0-0 12. a3 Bxc3 13. bxc3 Nd5 14. Rac1 Qb6 15. Qd1 Qb2 16. Rb1 Qxa3 17. Rb3 Qa2 18. Bc1 Rfd8 19. c4 Bxf3 20. Rxf3 Nf6 21. Ra3 Qb1 22. Rb3 Qe4 23. d5 exd5 24. cxd5 Nxd5 25. Bd3 Qh4 26. Rxb7 Ndb4 27. Qb3 Nd5 28. Qb1 a5 29. Re1 Ncb4 30. g3 Qh5 31. Be4 Nc3 32. Qb2 Nxe4 33. Rxe4 Qf3 34. Rbe7 Rd1+ 35. Re1 Rxe1+ 36. Rxe1 Nd3 0-1

[Event "Madrid-ch Previa A"]
[Site "Madrid"]
[Date "2023.02.13"]
[Round "4.3"]
[White "Vazquez Gonzalez, Jesus"]
[Black "Martin Buitrago Lopez, Antonio"]
[Result "1-0"]
[WhiteElo "1876"]
[BlackElo "1705"]
[PlyCount "35"]
[EventDate "2023.02.06"]
[EventType "swiss"]
[EventRounds "9"]
[EventCountry "ESP"]
[SourceTitle "EXT 2024"]
[Source "ChessBase"]
[SourceDate "2023.10.10"]
[SourceVersion "1"]
[SourceVersionDate "2023.10.10"]
[SourceQuality "1"]

1. e4 c5 2. c3 d5 3. exd5 Qxd5 4. Nf3 Nc6 5. Be2 g6 6. d4 cxd4 7. cxd4 Nf6 8. Nc3 Qa5 9. 0-0 Be6 10. Ng5 Bd5 11. Nxd5 Nxd5 12. Bc4 Bg7 13. Bd2 Qd8 14. Qf3 Nf6 15. Bxf7+ Kd7 16. Qh3+ Kc7 17. Ne6+ Kb6 18. Qb3+ 1-0

[Event "Almansa op-B"]
[Site "Almansa"]
[Date "2022.08.11"]
[Round "3"]
[White "Vazquez Gonzalez, Jesus"]
[Black "Avila Sanchez, Miguel Angel"]
[Result "0-1"]
[WhiteElo "1913"]
[BlackElo "1729"]
[PlyCount "114"]
[EventDate "2022.08.10"]
[EventType "swiss"]
[EventRounds "8"]
[EventCountry "ESP"]
[SourceTitle "CBM 210 Extra"]
[Source "ChessBase"]
[SourceDate "2022.11.30"]
[SourceVersion "1"]
[SourceVersionDate "2022.11.30"]
[SourceQuality "1"]

1. e4 e5 2. Nf3 Nc6 3. Bc4 Bc5 4. c3 Nf6 5. b4 Bb6 6. d3 d6 7. a4 a6 8. Bg5 h6 9. Bh4 Bg4 10. Nbd2 g5 11. Bg3 Nh5 12. h3 Nxg3 13. fxg3 Bh5 14. Qb3 Rf8 15. g4 Bg6 16. Nf1 Qf6 17. a5 Ba7 18. Bd5 Nd8 19. 0-0-0 c6 20. Bc4 Ne6 21. Bxe6 fxe6 22. N1d2 d5 23. Rhf1 Be3 24. Kc2 Bf4 25. Rde1 0-0-0 26. c4 Bg3 27. Re2 Qe7 28. Rb1 Kb8 29. Nf1 Bf4 30. Ng1 dxe4 31. dxe4 Rd4 32. Rbe1 Qh7 33. g3 Bxe4+ 34. Kb2 Bd3 35. gxf4 Bxe2 36. Nxe2 Qe4 37. Nfg3 Qg2 38. Kc1 Rd7 39. Rg1 Qxh3 40. Qf3 Rxf4 41. Nxf4 exf4 42. Qh1 Qxg4 43. Ne4 Qe2 44. Qg2 Qxc4+ 45. Qc2 Qxb4 46. Nc5 Rd4 47. Nd3 Qxa5 48. Rd1 Qd5 49. Nb2 Rxd1+ 50. Nxd1 e5 51. Qh2 Qe6 52. Qd2 Qc4+ 53. Nc3 Qd4 54. Qc2 g4 55. Kb2 g3 56. Qg6 Qf2+ 57. Kb3 g2 0-1

[Event "Madrid-ch Seniors 50"]
[Site "Madrid"]
[Date "2022.04.05"]
[Round "7"]
[White "Vazquez Gonzalez, Jesus"]
[Black "Marcos Herrero, Francisco"]
[Result "1-0"]
[WhiteElo "1853"]
[BlackElo "1897"]
[PlyCount "57"]
[EventDate "2022.03.28"]
[EventType "swiss"]
[EventRounds "9"]
[EventCountry "ESP"]
[SourceTitle "EXT 2023"]
[Source "ChessBase"]
[SourceDate "2022.10.05"]
[SourceVersion "1"]
[SourceVersionDate "2022.10.05"]
[SourceQuality "1"]

1. e4 c5 2. Nf3 Nc6 3. d4 cxd4 4. Nxd4 g6 5. c4 Nf6 6. Nc3 d6 7. Be2 Nxd4 8. Qxd4 Bg7 9. Be3 0-0 10. 0-0 Ng4 11. Qd2 Nxe3 12. Qxe3 Qa5 13. Nd5 Re8 14. b4 Qd8 15. Rad1 b6 16. c5 Bb7 17. Bb5 Rc8 18. Bxe8 Qxe8 19. cxb6 e6 20. Nf4 Bh6 21. Qg3 axb6 22. Rxd6 Qb5 23. Rfd1 Qxb4 24. Nh5 Bf8 25. Rd7 Bxe4 26. Nf6+ Kg7 27. Qe5 Qc5 28. Nd5+ Kg8 29. Qf6 1-0

[Event "Madrid-ch Seniors 50"]
[Site "Madrid"]
[Date "2022.04.04"]
[Round "6"]
[White "Pastor Alonso de Prado, Emilio Alberto"]
[Black "Vazquez Gonzalez, Jesus"]
[Result "1-0"]
[WhiteElo "2106"]
[BlackElo "1853"]
[PlyCount "109"]
[EventDate "2022.03.28"]
[EventType "swiss"]
[EventRounds "9"]
[EventCountry "ESP"]
[SourceTitle "EXT 2023"]
[Source "ChessBase"]
[SourceDate "2022.10.05"]
[SourceVersion "1"]
[SourceVersionDate "2022.10.05"]
[SourceQuality "1"]

1. b3 e5 2. Bb2 Nc6 3. e3 Nf6 4. Bb5 d6 5. d4 exd4 6. exd4 Bd7 7. Qe2+ Qe7 8. Nf3 a6 9. Bd3 Nb4 10. Kd1 Qxe2+ 11. Bxe2 Ng4 12. Rf1 Bf5 13. Na3 0-0-0 14. Nh4 Bd7 15. h3 Be7 16. Bxg4 Bxg4+ 17. hxg4 Bxh4 18. Nc4 Bf6 19. Kd2 b5 20. Ne3 c5 21. c3 cxd4 22. cxd4 Nc6 23. Rfc1 Kb7 24. Nd5 Bxd4 25. Bxd4 Nxd4 26. Rc7+ Kb8 27. Rxf7 Ne6 28. Nb4 Rdf8 29. Re7 Rxf2+ 30. Ke3 Rf6 31. Nxa6+ Kc8 32. Nb4 Nc5 33. Rc1 Rhf8 34. Nd3 Kd8 35. Rxg7 Re6+ 36. Kd2 Ne4+ 37. Kc2 Nf2 38. Nb4 Rf4 39. Nc6+ Ke8 40. Kb1 Nd3 41. Nd4 Re1 42. Rxe1+ Nxe1 43. Nf5 Kf8 44. Rxh7 Rxg4 45. Nxd6 b4 46. Rf7+ Kg8 47. Re7 Nd3 48. Re3 Nc5 49. g3 Rd4 50. Nc4 Rd1+ 51. Kc2 Rg1 52. Nd2 Ra1 53. Kb2 Rd1 54. Ne4 Rd5 55. Nf6+ 1-0

[Event "Madrid-ch Seniors 50"]
[Site "Madrid"]
[Date "2022.03.28"]
[Round "1"]
[White "Vazquez Gonzalez, Jesus"]
[Black "Medina Lucena, Emilio"]
[Result "1-0"]
[WhiteElo "1853"]
[BlackElo "1303"]
[PlyCount "77"]
[EventDate "2022.03.28"]
[EventType "swiss"]
[EventRounds "9"]
[EventCountry "ESP"]
[SourceTitle "EXT 2023"]
[Source "ChessBase"]
[SourceDate "2022.10.05"]
[SourceVersion "1"]
[SourceVersionDate "2022.10.05"]
[SourceQuality "1"]

1. e4 c5 2. Bd3 d6 3. c3 a6 4. Bc2 Nf6 5. d4 cxd4 6. cxd4 Bd7 7. Nf3 e6 8. Nc3 Nc6 9. 0-0 Be7 10. a3 0-0 11. d5 Ne5 12. Nxe5 dxe5 13. d6 Bb5 14. dxe7 Qxe7 15. Nxb5 axb5 16. Bg5 h6 17. Bxf6 Qxf6 18. Qe2 Rfc8 19. Bd3 b4 20. axb4 Rxa1 21. Rxa1 Qe7 22. b5 Qc5 23. g3 Qd4 24. Rd1 Qc5 25. b3 Rd8 26. Bc4 Rd4 27. Kg2 Qd6 28. Rxd4 Qxd4 29. Qd3 Qxd3 30. Bxd3 b6 31. Bc4 Kf8 32. f4 exf4 33. gxf4 Ke7 34. e5 g5 35. Kf3 f5 36. exf6+ Kxf6 37. fxg5+ hxg5 38. Kg4 e5 39. Bd3 1-0

[Event "Salamanca Unamuno Cup"]
[Site "Salamanca"]
[Date "2021.12.04"]
[Round "2"]
[White "Gago Padreny, Ignacio"]
[Black "Vazquez Gonzalez, Jesus"]
[Result "1-0"]
[WhiteElo "2241"]
[BlackElo "1900"]
[PlyCount "163"]
[EventDate "2021.12.03"]
[EventType "swiss"]
[EventRounds "9"]
[EventCountry "ESP"]
[SourceTitle "EXT 2023"]
[Source "ChessBase"]
[SourceDate "2022.10.05"]
[SourceVersion "1"]
[SourceVersionDate "2022.10.05"]
[SourceQuality "1"]

1. d4 a6 2. g3 e6 3. Bg2 d5 4. Nf3 c5 5. 0-0 Nc6 6. b3 cxd4 7. Nxd4 Nxd4 8. Qxd4 Qf6 9. Bb2 Qxd4 10. Bxd4 Nf6 11. c4 dxc4 12. bxc4 Nd7 13. Nd2 e5 14. Bc3 Rb8 15. Rab1 Be7 16. Nb3 b6 17. Bc6 Bd6 18. c5 bxc5 19. Rbd1 Ke7 20. Rd2 Nb6 21. Na5 Bc7 22. Rfd1 f6 23. Bg2 Bd7 24. Bb2 Ba4 25. Rc1 Nd7 26. Bc6 Rhd8 27. Bxa4 Bxa5 28. Rdc2 Nb6 29. Bb3 Nd7 30. Rc4 Bb6 31. Ba3 Rdc8 32. Ra4 a5 33. Rh4 h6 34. Rhc4 Rb7 35. h4 Rbc7 36. Rg4 Kf8 37. Rb1 Ra7 38. Be6 Rc6 39. Bc4 f5 40. Bb5 Rf6 41. Rc4 Ke7 42. Kg2 Rc7 43. Rbc1 g6 44. R1c2 Rd6 45. Bc1 h5 46. Be3 Ke6 47. R4c3 Ke7 48. f3 Ke6 49. Rc4 Ke7 50. Rc1 Ke6 51. R4c3 Ke7 52. R1c2 Ke6 53. Bf2 Ke7 54. Ra3 Nf8 55. Be1 Ra7 56. Bc3 e4 57. fxe4 fxe4 58. Ra4 Re6 59. Bc4 Rd6 60. Bb3 Rd4 61. Bxd4 cxd4 62. Rc6 Rb7 63. Bd5 e3 64. Ra3 Rd7 65. Be4 Rd6 66. Rb3 Rxc6 67. Bxc6 Bc5 68. Be4 Kf6 69. Rb5 Bb4 70. Rb6+ Kf7 71. Kf3 Be1 72. Rb5 Nd7 73. Rg5 Nf8 74. Bc2 Kf6 75. Bb3 Bc3 76. Ke4 Kg7 77. Rd5 Be1 78. Kxd4 Bxg3 79. Rxa5 Bxh4 80. Kxe3 g5 81. Ra7+ Kf6 82. Rf7+ 1-0

[Event "Merida World Heritage op 1st"]
[Site "Merida"]
[Date "2021.08.05"]
[Round "2"]
[White "Vazquez Gonzalez, Jesus"]
[Black "Silva, Pedro Gil Ferreira"]
[Result "0-1"]
[WhiteElo "1876"]
[BlackElo "2117"]
[PlyCount "46"]
[EventDate "2021.08.04"]
[EventType "swiss"]
[EventRounds "9"]
[EventCountry "ESP"]
[SourceTitle "EXT 2023"]
[Source "ChessBase"]
[SourceDate "2022.10.05"]
[SourceVersion "1"]
[SourceVersionDate "2022.10.05"]
[SourceQuality "1"]

1. e4 c5 2. Bd3 Nc6 3. c3 d5 4. Qe2 dxe4 5. Bxe4 Nf6 6. Bc2 Bg4 7. f3 Bh5 8. Qb5 Qd7 9. Qxc5 e5 10. Qf2 Bg6 11. Bxg6 hxg6 12. Ne2 Rd8 13. 0-0 e4 14. Ng3 Ne5 15. Nxe4 Nxe4 16. fxe4 Nd3 17. Qf3 Bd6 18. h3 g5 19. Kh1 Bf4 20. g4 Ne5 21. Qg2 Qd3 22. Rxf4 Rxh3+ 23. Kg1 gxf4 0-1

[Event "Madrid-ch Previa-A"]
[Site "Madrid"]
[Date "2020.02.03"]
[Round "1"]
[White "Sarabia Diaz, Santiago"]
[Black "Vazquez Gonzalez, Jesus"]
[Result "1-0"]
[WhiteElo "1724"]
[BlackElo "1983"]
[PlyCount "91"]
[EventDate "2020.02.03"]
[EventType "swiss"]
[EventRounds "9"]
[EventCountry "ESP"]
[SourceTitle "EXT 2021"]
[Source "ChessBase"]
[SourceDate "2020.10.23"]
[SourceVersion "1"]
[SourceVersionDate "2020.10.23"]
[SourceQuality "1"]

1. e4 d6 2. Bc4 Nf6 3. d3 e5 4. Nc3 c6 5. a3 Be7 6. Nf3 Bg4 7. Be3 0-0 8. h3 Bh5 9. Rg1 d5 10. g4 Bg6 11. g5 Nxe4 12. dxe4 dxc4 13. Qxd8 Bxd8 14. Nxe5 Ba5 15. f3 Bxc3+ 16. bxc3 b5 17. Rd1 Re8 18. Rd6 Bh5 19. Kf2 a5 20. Rgd1 f5 21. gxf6 Rxe5 22. Rd8+ Be8 23. Rg1 g6 24. Bf4 Re6 25. Bxb8 Kf7 26. Rgd1 b4 27. axb4 axb4 28. e5 Ra2 29. cxb4 Rxc2+ 30. Ke3 c5 31. Ra1 g5 32. Ra7+ Kg6 33. Rg7+ Kf5 34. f7 Bxf7 35. Rxf7+ Kg6 36. Rb7 cxb4 37. Rxb4 Re7 38. Rd2 Rc3+ 39. Ke2 Rf7 40. Rb6+ Kh5 41. Rf6 Rb7 42. Bd6 Rbb3 43. Bc5 Rc1 44. e6 Rbb1 45. e7 c3 46. e8Q+ 1-0

[Event "De los Reyes op 21st"]
[Site "De los Reyes"]
[Date "2019.12.06"]
[Round "7"]
[White "Vazquez Gonzalez, Jesus"]
[Black "Garcia Minguez, Antonio"]
[Result "1-0"]
[WhiteElo "1966"]
[BlackElo "1542"]
[PlyCount "89"]
[EventDate "2019.11.30"]
[EventType "swiss"]
[EventRounds "9"]
[EventCountry "ESP"]
[SourceTitle "CBM 193 Extra"]
[Source "ChessBase"]
[SourceDate "2020.01.31"]
[SourceVersion "1"]
[SourceVersionDate "2020.01.31"]
[SourceQuality "1"]

1. e4 e6 2. Bd3 d5 3. c3 dxe4 4. Bxe4 Nf6 5. Bc2 b6 6. d4 Bb7 7. Nf3 Bd6 8. 0-0 0-0 9. Bg5 Nbd7 10. Re1 c5 11. Qd3 cxd4 12. Nxd4 Qb8 13. Qh3 g6 14. Nd2 Nh5 15. Ne4 Bf4 16. Bh4 e5 17. Qxd7 exd4 18. g3 Rd8 19. Bxd8 Qxd8 20. Qxd8+ Rxd8 21. gxf4 d3 22. Rad1 Nxf4 23. Bxd3 Rxd3 24. Rxd3 Nxd3 25. Re3 Nxb2 26. Nf6+ Kg7 27. Ne8+ Kf8 28. Nd6 Bd5 29. Re8+ Kg7 30. Re7 a6 31. a3 Na4 32. Re3 Nc5 33. Ne8+ Kf8 34. Nf6 Be6 35. Nxh7+ Kg7 36. Ng5 Bc4 37. Ne4 Nxe4 38. Rxe4 b5 39. f4 a5 40. a4 Bd3 41. Rd4 Be2 42. axb5 Bxb5 43. Rd5 Bc4 44. Rxa5 Kf6 45. Kf2 1-0

[Event "De los Reyes op 21st"]
[Site "De los Reyes"]
[Date "2019.12.03"]
[Round "4"]
[White "Sanchez Saez, Francisco"]
[Black "Vazquez Gonzalez, Jesus"]
[Result "1-0"]
[WhiteElo "2337"]
[BlackElo "1966"]
[PlyCount "43"]
[EventDate "2019.11.30"]
[EventType "swiss"]
[EventRounds "9"]
[EventCountry "ESP"]
[SourceTitle "CBM 193 Extra"]
[Source "ChessBase"]
[SourceDate "2020.01.31"]
[SourceVersion "1"]
[SourceVersionDate "2020.01.31"]
[SourceQuality "1"]

1. Nf3 c5 2. e4 e6 3. d4 cxd4 4. c3 dxc3 5. Nxc3 Nc6 6. Bc4 a6 7. 0-0 b5 8. Bb3 Bb7 9. Re1 Nge7 10. Bg5 h6 11. Be3 Ng6 12. Nd5 exd5 13. exd5 Be7 14. dxc6 Bxc6 15. Qd3 Kf8 16. Qf5 Bf6 17. Bc5+ d6 18. Rad1 Ne7 19. Rxd6 Qc8 20. Rxf6 gxf6 21. Bxe7+ Kg8 22. Qg6# 1-0

[Event "De los Reyes op 21st"]
[Site "De los Reyes"]
[Date "2019.12.01"]
[Round "2"]
[White "Longa Yauca, Javier"]
[Black "Vazquez Gonzalez, Jesus"]
[Result "1-0"]
[WhiteElo "2163"]
[BlackElo "1966"]
[PlyCount "113"]
[EventDate "2019.11.30"]
[EventType "swiss"]
[EventRounds "9"]
[EventCountry "ESP"]
[SourceTitle "CBM 193 Extra"]
[Source "ChessBase"]
[SourceDate "2020.01.31"]
[SourceVersion "1"]
[SourceVersionDate "2020.01.31"]
[SourceQuality "1"]

1. d4 d5 2. Nf3 Nf6 3. c4 c6 4. Nc3 e6 5. Qb3 Nbd7 6. Bg5 Be7 7. e3 0-0 8. Be2 dxc4 9. Qxc4 Nb6 10. Qb3 Nfd5 11. Bxe7 Qxe7 12. Rc1 Nxc3 13. Rxc3 Nd5 14. Rc1 a5 15. a3 Rd8 16. 0-0 Qc7 17. Rfd1 a4 18. Qa2 Ra5 19. Qb1 Ne7 20. Ne5 f6 21. Nd3 b6 22. Qa2 Kf8 23. Bf3 Qd6 24. e4 Ke8 25. Nb4 c5 26. e5 fxe5 27. dxc5 Rxc5 28. Qb1 Rxc1 29. Qxc1 Qc5 30. Rxd8+ Kxd8 31. Qxc5 bxc5 32. Nd3 Bd7 33. Nxc5 Nd5 34. Nd3 Bb5 35. Nxe5 Ke7 36. Be4 Kf6 37. Nf3 h5 38. Bxd5 exd5 39. Nd4 Bc4 40. f4 g5 41. g3 h4 42. fxg5+ Kxg5 43. Nf3+ Kh5 44. Nxh4 d4 45. Kf2 Bd5 46. Nf5 d3 47. Ne3 Be4 48. Ke1 Kg5 49. h4+ Kh5 50. Kd2 Bh7 51. Nd5 Bf5 52. Nb6 Kg4 53. Nxa4 Kxg3 54. h5 Kf4 55. h6 Kg5 56. Nc5 Kxh6 57. a4 1-0

[Event "San Sebastian de los Reyes op 20th"]
[Site "San Sebastian"]
[Date "2018.12.06"]
[Round "6"]
[White "Vazquez Gonzalez, Jesus"]
[Black "Rial Rodriguez, Marta"]
[Result "1-0"]
[WhiteElo "1923"]
[BlackElo "1503"]
[PlyCount "101"]
[EventDate "2018.12.01"]
[EventType "swiss"]
[EventRounds "9"]
[EventCountry "ESP"]
[SourceTitle "CBM 187 Extra"]
[Source "ChessBase"]
[SourceDate "2018.11.04"]
[SourceVersion "1"]
[SourceVersionDate "2018.11.04"]
[SourceQuality "1"]

1. b3 e5 2. Bb2 Nc6 3. e3 d5 4. Bb5 f6 5. Ne2 Bd6 6. d4 Bd7 7. 0-0 a6 8. Bxc6 bxc6 9. c4 e4 10. Nbc3 Be6 11. c5 Be7 12. Nf4 Qc8 13. f3 f5 14. fxe4 fxe4 15. Nce2 Bg4 16. h3 Bxe2 17. Qxe2 g6 18. Bc3 Nh6 19. g4 0-0 20. Be1 Nf7 21. h4 Nh6 22. g5 Nf5 23. Rc1 Rf7 24. Kh2 Qd7 25. Bg3 Bf8 26. Nh3 Qd8 27. Nf4 Qe7 28. Rce1 Kh8 29. Qg4 Qd7 30. Qh3 Qe7 31. Rg1 Re8 32. h5 Kg7 33. Nxg6 hxg6 34. Be5+ Kh7 35. Ref1 Bg7 36. Bf6 Bxf6 37. gxf6 Rxf6 38. hxg6+ Kg8 39. Rxf5 Rxf5 40. Qxf5 Qh4+ 41. Qh3 Qxh3+ 42. Kxh3 Kg7 43. Kh4 Rh8+ 44. Kg5 Rh3 45. Kf5 Rxe3 46. Ke6 Rf3 47. Kd7 Rf6 48. Kxc7 e3 49. Re1 Re6 50. Kd7 Kf6 51. Rf1+ 1-0

[Event "San Sebastian de los Reyes op 20th"]
[Site "San Sebastian"]
[Date "2018.12.05"]
[Round "5"]
[White "Alonso Garuti, Luis Eugenio"]
[Black "Vazquez Gonzalez, Jesus"]
[Result "1/2-1/2"]
[WhiteElo "1774"]
[BlackElo "1923"]
[PlyCount "98"]
[EventDate "2018.12.01"]
[EventType "swiss"]
[EventRounds "9"]
[EventCountry "ESP"]
[SourceTitle "CBM 187 Extra"]
[Source "ChessBase"]
[SourceDate "2018.11.04"]
[SourceVersion "1"]
[SourceVersionDate "2018.11.04"]
[SourceQuality "1"]

1. e4 g6 2. d4 Bg7 3. c4 c5 4. Nf3 cxd4 5. Nxd4 Nc6 6. Nxc6 bxc6 7. Qc2 Nf6 8. Nc3 d6 9. Be2 0-0 10. Be3 Qa5 11. 0-0 Ng4 12. Bf4 Rb8 13. Bd2 Qe5 14. Bxg4 Bxg4 15. Rac1 Be6 16. b3 f5 17. Rfe1 f4 18. Ne2 f3 19. Ng3 fxg2 20. Bc3 Qf4 21. Bxg7 Kxg7 22. Re3 h5 23. Qc3+ Kh7 24. f3 Bg4 25. Kxg2 h4 26. Rh1 h3+ 27. Kf2 Rf6 28. Ne2 Qg5 29. Rg1 Qh4+ 30. Rg3 Rbf8 31. Ng1 e5 32. Kf1 g5 33. Qd3 Bc8 34. Ke2 g4 35. Kf2 gxf3 36. c5 dxc5 37. Qc3 Rd8 38. Rexf3 Bg4 39. Qxe5 Rdf8 40. Rxf6 Rxf6+ 41. Ke1 Be6 42. Kd2 Qh6+ 43. Kc3 Qc1+ 44. Kd3 Qd1+ 45. Ke3 Qc1+ 46. Ke2 Qf1+ 47. Ke3 Qc1+ 48. Ke2 Qf1+ 49. Ke3 Qc1+ 1/2-1/2

[Event "Madrid-ch sf"]
[Site "Madrid"]
[Date "2018.05.10"]
[Round "6"]
[White "Perez Cameselle, Francisco Jose"]
[Black "Vazquez Gonzalez, Jesus"]
[Result "1-0"]
[WhiteElo "1795"]
[BlackElo "1977"]
[PlyCount "75"]
[EventDate "2018.05.05"]
[EventType "swiss"]
[EventRounds "9"]
[EventCountry "ESP"]
[SourceTitle "CBM 184 Extra"]
[Source "ChessBase"]
[SourceDate "2018.06.28"]
[SourceVersion "1"]
[SourceVersionDate "2018.06.28"]
[SourceQuality "1"]

1. e4 g6 2. d4 Bg7 3. Nc3 c5 4. d5 d6 5. Nf3 Nd7 6. Be2 a6 7. a4 b6 8. 0-0 Bb7 9. Bf4 Ngf6 10. Qd2 h6 11. Rfe1 g5 12. Bg3 Nh5 13. Rad1 Nxg3 14. hxg3 Ne5 15. Nxe5 Bxe5 16. b3 Qd7 17. Nb1 0-0-0 18. Na3 Qc7 19. Nc4 Bf6 20. g4 Kb8 21. b4 b5 22. axb5 axb5 23. Na3 cxb4 24. Nxb5 Qc5 25. Rb1 Bc3 26. Nxc3 bxc3 27. Qd3 Rc8 28. Rb5 Qa7 29. Reb1 Rc7 30. Qd1 Qa4 31. R5b4 Qa5 32. Qd4 f6 33. Bb5 Qa7 34. Qd3 Kc8 35. Ra4 Qc5 36. Ba6 Bxa6 37. Qxa6+ Kd7 38. Rb5 1-0